[Event "BRA-ch (Women) 62nd"]
[Site "Timbo"]
[Date "2023.11.01"]
[Round "5"]
[White "Nunes, Agatha Hurba"]
[Black "Assuncao, Darlane Brito"]
[Result "1-0"]
[WhiteElo "1837"]
[BlackElo "1715"]
[PlyCount "57"]
[EventDate "2023.10.29"]
[EventType "swiss"]
[EventRounds "9"]
[EventCountry "BRA"]
[SourceTitle "Mega2024 Update 01"]
[Source "Chessbase"]
[SourceDate "2023.11.12"]
[SourceVersion "1"]
[SourceVersionDate "2023.11.12"]
[SourceQuality "1"]

1. d4 Nf6 2. c4 e6 3. Nf3 c5 4. e3 d5 5. Nc3 Nc6 6. dxc5 Bxc5 7. cxd5 exd5 8. g3 0-0 9. Bg2 a6 10. 0-0 Bg4 11. h3 Be6 12. Ne2 Ne4 13. Nfd4 Qf6 14. a3 Rfd8 15. b4 Bb6 16. Bb2 Qh6 17. Nf4 Bc7 18. Ndxe6 fxe6 19. Qg4 Bxf4 20. exf4 Nd2 21. Rfe1 Re8 22. Rad1 Nc4 23. Bc1 Qf6 24. Rxe6 Rxe6 25. Bxd5 Kh8 26. Bxe6 Nb6 27. f5 h6 28. Be3 Nc8 29. Bd4 1-0

[Event "Nova Maraba op 5th"]
[Site "Nova Maraba"]
[Date "2022.06.26"]
[Round "5"]
[White "Assuncao, Darlane Brito"]
[Black "Ramos, Janclei Mendes"]
[Result "1-0"]
[WhiteElo "1720"]
[BlackElo "1800"]
[PlyCount "38"]
[EventDate "2022.06.24"]
[EventType "swiss"]
[EventRounds "6"]
[EventCountry "BRA"]
[SourceTitle "EXT 2023"]
[Source "ChessBase"]
[SourceDate "2022.10.05"]
[SourceVersion "1"]
[SourceVersionDate "2022.10.05"]
[SourceQuality "1"]

1. d4 d5 2. Bf4 Nf6 3. e3 h6 4. h3 Bf5 5. Nf3 e6 6. Bd3 Bxd3 7. Qxd3 a6 8. Qb3 b5 9. a4 c6 10. axb5 cxb5 11. Ne5 Be7 12. Nc3 b4 13. Qa4+ Nbd7 14. Nb5 0-0 15. Nxd7 Nxd7 16. Nc7 Ra7 17. Qc6 e5 18. Ne6 Qc8 19. Qxd5 fxe6 1-0

[Event "Paraense-ch"]
[Site "Castanhal"]
[Date "2020.11.02"]
[Round "5"]
[White "Assuncao, Darlane Brito"]
[Black "Pessoa, Marcio de Souza"]
[Result "1-0"]
[WhiteElo "1705"]
[BlackElo "1903"]
[PlyCount "118"]
[EventDate "2020.10.31"]
[EventType "swiss"]
[EventRounds "5"]
[EventCountry "BRA"]
[SourceTitle "EXT 2022"]
[Source "ChessBase"]
[SourceDate "2021.10.06"]
[SourceVersion "1"]
[SourceVersionDate "2021.10.06"]
[SourceQuality "1"]

1. d4 Nf6 2. Nf3 d6 3. Bf4 Bf5 4. e3 c6 5. Bd3 Ne4 6. Nh4 Qa5+ 7. c3 Nxf2 8. Kxf2 Bxd3 9. Qxd3 g5 10. b4 Qd8 11. Bxg5 h6 12. Bf4 e5 13. Bg3 Nd7 14. Rf1 Rg8 15. Kg1 Qe7 16. Nd2 0-0-0 17. e4 Nf6 18. Nf5 Qe6 19. a4 h5 20. b5 c5 21. Rad1 Ng4 22. h3 Nh6 23. Qf3 Nxf5 24. exf5 Qa2 25. Ne4 d5 26. Nxc5 e4 27. Qf2 Qxf2+ 28. Bxf2 Bd6 29. Rfe1 Bf4 30. Be3 Bd6 31. Nb3 Rg3 32. Bf2 Rg7 33. Re2 Rdg8 34. Bh4 b6 35. Rf1 Bg3 36. Bxg3 Rxg3 37. Kh2 Kd7 38. Rc1 Rd3 39. Nd2 h4 40. c4 Rxd4 41. cxd5 e3 42. Nf1 Rxa4 43. Rxe3 Ra2 44. Ng3 hxg3+ 45. Rxg3 Rxg3 46. Kxg3 Ra5 47. Rb1 Kd6 48. h4 Ke5 49. d6 Kxd6 50. Kf4 f6 51. h5 Ra4+ 52. Kg3 Ra3+ 53. Kh4 Ra2 54. g4 Re2 55. Rb3 Re7 56. h6 Re4 57. Kh5 Re1 58. h7 Rh1+ 59. Kg6 Ke5 1-0

[Event "FISU World University"]
[Site "Tornelo INT"]
[Date "2020.10.28"]
[Round "9.35"]
[White "Assuncao, Darlane Brito"]
[Black "Gamage, Yasasmi Umarusiru"]
[Result "1-0"]
[WhiteElo "1705"]
[BlackElo "1271"]
[PlyCount "71"]
[EventDate "2020.10.26"]
[EventType "team-swiss (rapid)"]
[EventRounds "9"]
[EventCountry "NET"]
[SourceTitle "CBM 199 Extra"]
[Source "ChessBase"]
[SourceDate "2021.01.31"]
[SourceVersion "1"]
[SourceVersionDate "2021.01.31"]
[SourceQuality "1"]
[WhiteTeam "Brazil III"]
[BlackTeam "Sri Lanka IV"]
[WhiteTeamCountry "BRA"]
[BlackTeamCountry "SRI"]

1. d4 e6 2. Nf3 c5 3. c3 Nc6 4. Bf4 Nf6 5. e3 Qb6 6. Qb3 Qd8 7. Bd3 d5 8. Qd1 Qb6 9. Qc1 Bd7 10. Nbd2 cxd4 11. exd4 Rc8 12. 0-0 Nb4 13. Bc2 Nxc2 14. Qxc2 Bd6 15. Bg3 Qc7 16. Rfe1 0-0 17. Qd1 Rfe8 18. Ne5 Bc6 19. Nxc6 Qxc6 20. Nf3 Bxg3 21. hxg3 Qb6 22. Ne5 Qxb2 23. Rb1 Qxc3 24. Rxb7 Rc7 25. Rb3 Qa5 26. Qb1 h6 27. f3 Qd2 28. Rd1 Qa5 29. Rb8 Rcc8 30. Rb7 Rc7 31. Rc1 Rec8 32. Rcxc7 Rxc7 33. Rb8+ Rc8 34. Rxc8+ Qd8 35. Rxd8+ Ne8 36. Rxe8# 1-0

[Event "FISU World University"]
[Site "Tornelo INT"]
[Date "2020.10.27"]
[Round "6.34"]
[White "Perez Hueica, Elias"]
[Black "Assuncao, Darlane Brito"]
[Result "1-0"]
[WhiteElo "1934"]
[BlackElo "1705"]
[PlyCount "45"]
[EventDate "2020.10.26"]
[EventType "team-swiss (rapid)"]
[EventRounds "9"]
[EventCountry "NET"]
[SourceTitle "CBM 199 Extra"]
[Source "ChessBase"]
[SourceDate "2021.01.31"]
[SourceVersion "1"]
[SourceVersionDate "2021.01.31"]
[SourceQuality "1"]
[WhiteTeam "Chile"]
[BlackTeam "Brazil III"]
[WhiteTeamCountry "CHI"]
[BlackTeamCountry "BRA"]

1. e4 d6 2. d4 Nf6 3. Nc3 g6 4. Be3 Bg7 5. f3 0-0 6. Qd2 Nbd7 7. 0-0-0 a6 8. h4 b5 9. Bh6 Bb7 10. Bxg7 Kxg7 11. h5 c5 12. hxg6 fxg6 13. e5 dxe5 14. dxe5 Nxe5 15. Qh6+ Kg8 16. Rxd8 Raxd8 17. Qh2 Nf7 18. Nge2 Rd7 19. Nf4 b4 20. Ne4 Bxe4 21. fxe4 Rfd8 22. Bc4 e5 23. Nxg6 1-0

[Event "Florianopolis op 6th"]
[Site "Florianopolis"]
[Date "2020.01.25"]
[Round "9"]
[White "Assuncao, Darlane Brito"]
[Black "Jardim, Tamiris Salvador"]
[Result "1/2-1/2"]
[WhiteElo "1756"]
[BlackElo "1418"]
[PlyCount "40"]
[EventDate "2020.01.20"]
[EventType "swiss"]
[EventRounds "10"]
[EventCountry "BRA"]
[SourceTitle "CBM 194 Extra"]
[Source "ChessBase"]
[SourceDate "2020.03.31"]
[SourceVersion "1"]
[SourceVersionDate "2020.03.31"]
[SourceQuality "1"]

1. d4 Nf6 2. Bf4 g6 3. Nf3 Bg7 4. e3 d6 5. Be2 Nbd7 6. c3 0-0 7. 0-0 Re8 8. h3 b6 9. Bc4 e6 10. b4 Bb7 11. Be2 e5 12. dxe5 dxe5 13. Bg5 h6 14. Bh4 g5 15. Bg3 Ne4 16. Bh2 Qe7 17. Qb3 a5 18. a4 axb4 19. cxb4 Nd6 20. Nc3 Qe6 1/2-1/2

[Event "Florianopolis op 6th"]
[Site "Florianopolis"]
[Date "2020.01.23"]
[Round "5"]
[White "Assuncao, Darlane Brito"]
[Black "Perutti, Rafael"]
[Result "1-0"]
[WhiteElo "1756"]
[BlackElo "1560"]
[PlyCount "27"]
[EventDate "2020.01.20"]
[EventType "swiss"]
[EventRounds "10"]
[EventCountry "BRA"]
[SourceTitle "CBM 194 Extra"]
[Source "ChessBase"]
[SourceDate "2020.03.31"]
[SourceVersion "1"]
[SourceVersionDate "2020.03.31"]
[SourceQuality "1"]

1. d4 Nf6 2. Nf3 d5 3. Bf4 e6 4. e3 c5 5. c3 Nc6 6. Bd3 cxd4 7. exd4 Bd6 8. Ne5 0-0 9. Nd2 Qc7 10. Ndf3 Ng4 11. Bxh7+ Kh8 12. Ng5 Ngxe5 13. Qh5 Nd3+ 14. Bxd3+ 1-0

[Event "BRA-ch U26 (Women)"]
[Site "Brasilia"]
[Date "2019.04.24"]
[Round "3"]
[White "Assuncao, Darlane Brito"]
[Black "Rodrigues, Vanessa Ketlyn Sous"]
[Result "0-1"]
[WhiteElo "1800"]
[BlackElo "1891"]
[PlyCount "96"]
[EventDate "2019.04.23"]
[EventType "swiss"]
[EventRounds "7"]
[EventCountry "BRA"]
[SourceTitle "CBM 190 Extra"]
[Source "ChessBase"]
[SourceDate "2019.07.15"]
[SourceVersion "1"]
[SourceVersionDate "2019.07.15"]
[SourceQuality "1"]

1. d4 Nf6 2. c4 c5 3. d5 b5 4. cxb5 a6 5. b6 Qxb6 6. Nc3 g6 7. e4 d6 8. Nf3 Bg7 9. Be2 0-0 10. Nd2 Nbd7 11. 0-0 Bb7 12. Nc4 Qc7 13. a4 Nb6 14. f4 Nfd7 15. Nxb6 Bd4+ 16. Kh1 Qxb6 17. a5 Qc7 18. f5 Nf6 19. Bd3 Kg7 20. Qf3 Rh8 21. Qh3 h6 22. Ne2 Be5 23. fxg6 Bc8 24. Qf3 Bg4 25. Qf2 fxg6 26. h3 Bd7 27. Nf4 c4 28. Bc2 Rhf8 29. Qe3 g5 30. Ne6+ Bxe6 31. dxe6 Ng4 32. Qe2 Rxf1+ 33. Qxf1 Rf8 34. Qe1 Nh2 35. Kg1 Rf1+ 36. Qxf1 Nxf1 37. Kxf1 Qc8 38. Ra3 Qxe6 39. Ke2 Bd4 40. Be3 Bxb2 41. Ra4 Bc3 42. Ra3 Qe5 43. Bd2 Bb2 44. Ra4 d5 45. Kf3 Qf6+ 46. Ke2 Bd4 47. Be3 Bxe3 48. Kxe3 Qc3+ 0-1

[Event "Fortaleza Schoonenborch U1900 6th"]
[Site "Fortaleza"]
[Date "2019.03.08"]
[Round "2.2"]
[White "Da Silva, Francisco Iran Sant"]
[Black "Assuncao, Darlane Brito"]
[Result "1/2-1/2"]
[WhiteElo "1836"]
[BlackElo "1781"]
[PlyCount "118"]
[EventDate "2019.03.07"]
[EventType "swiss"]
[EventRounds "6"]
[EventCountry "BRA"]
[SourceTitle "EXT 2022"]
[Source "ChessBase"]
[SourceDate "2021.10.06"]
[SourceVersion "1"]
[SourceVersionDate "2021.10.06"]
[SourceQuality "1"]

1. e4 c5 2. Nf3 d6 3. Bb5+ Nc6 4. 0-0 Bd7 5. Re1 a6 6. Bxc6 Bxc6 7. e5 e6 8. c3 g6 9. d4 Bg7 10. Bf4 Bxf3 11. Qxf3 dxe5 12. Bxe5 Bxe5 13. Rxe5 cxd4 14. Qxb7 dxc3 15. Nxc3 Nf6 16. Qc6+ Kf8 17. Rd1 Qc8 18. Qd6+ Kg7 19. Rc5 Qd8 20. Qe5 Qb8 21. Qe2 Rd8 22. Rc1 Qf4 23. Nb1 Qd4 24. h3 Rd7 25. Rc7 Rxc7 26. Rxc7 Rd8 27. Qxe6 Qd1+ 28. Kh2 Qd6+ 29. Qxd6 Rxd6 30. b3 Rd1 31. Na3 Rd2 32. Rc2 Rxc2 33. Nxc2 Ne4 34. f3 Nc3 35. a3 Kf6 36. Kg3 g5 37. Kf2 Ke5 38. Nb4 Kd4 39. Nxa6 Nb5 40. a4 Nd6 41. Kg3 f5 42. h4 h6 43. hxg5 hxg5 44. Kf2 f4 45. g3 Nb7 46. Ke2 Kc3 47. b4 Kd4 48. gxf4 gxf4 49. Nc5 Nd8 50. a5 Kc4 51. a6 Nc6 52. Nd7 Kxb4 53. Nb8 Na7 54. Kd3 Kc5 55. Ke4 Kd6 56. Kxf4 Kc7 57. Kg5 Kxb8 58. f4 Nc8 59. f5 Nd6 1/2-1/2

[Event "BRA-ch Universities (Women)"]
[Site "Vitoria"]
[Date "2018.06.07"]
[Round "3"]
[White "Assuncao, Darlane Brito"]
[Black "Rodrigues, Jadna Couto"]
[Result "1-0"]
[WhiteElo "1796"]
[BlackElo "1486"]
[PlyCount "41"]
[EventDate "2018.06.06"]
[EventType "swiss"]
[EventRounds "7"]
[EventCountry "BRA"]
[SourceTitle "EXT 2019"]
[Source "ChessBase"]
[SourceDate "2018.10.10"]
[SourceVersion "1"]
[SourceVersionDate "2018.10.10"]
[SourceQuality "1"]

1. d4 d5 2. Nf3 Nf6 3. Bf4 Nc6 4. e3 Bg4 5. c3 e6 6. h3 Bh5 7. Bd3 Bd6 8. Bxd6 Qxd6 9. Nbd2 e5 10. dxe5 Nxe5 11. Qa4+ c6 12. Nxe5 Qxe5 13. Nf3 Bxf3 14. gxf3 Nd7 15. Bc2 Nb6 16. Qb4 Qe7 17. Qd4 Qf6 18. Qxf6 gxf6 19. Rg1 h6 20. 0-0-0 0-0-0 21. Rg7 1-0

[Event "Para State-ch final"]
[Site "Belem"]
[Date "2017.12.03"]
[Round "6.6"]
[White "Nascimento, Pablo"]
[Black "Assuncao, Darlane Brito"]
[Result "1/2-1/2"]
[WhiteElo "2028"]
[BlackElo "1769"]
[PlyCount "50"]
[EventDate "2017.12.01"]
[EventType "swiss"]
[EventRounds "6"]
[EventCountry "BRA"]
[SourceTitle "CBM 182 Extra"]
[Source "ChessBase"]
[SourceDate "2018.02.23"]
[SourceVersion "1"]
[SourceVersionDate "2018.02.23"]
[SourceQuality "1"]

1. e4 d6 2. d4 Nf6 3. Nc3 g6 4. f4 Bg7 5. Nf3 0-0 6. e5 dxe5 7. dxe5 Qxd1+ 8. Kxd1 Rd8+ 9. Bd3 Ne8 10. Ke2 Bg4 11. Be3 Nc6 12. a3 f6 13. Bc4+ Kf8 14. exf6 exf6 15. Rad1 Nd6 16. Bb3 Re8 17. Kf2 a6 18. h3 Be6 19. Bc5 Rad8 20. Nd5 Bxd5 21. Bxd5 Ne7 22. Rhe1 Nxd5 23. Rxd5 Rxe1 24. Kxe1 Ke7 25. f5 b6 1/2-1/2

[Event "Para State-ch final"]
[Site "Belem"]
[Date "2017.12.01"]
[Round "1.5"]
[White "Assuncao, Darlane Brito"]
[Black "Martins, Clauber Figueiredo"]
[Result "1/2-1/2"]
[WhiteElo "1769"]
[BlackElo "2005"]
[PlyCount "74"]
[EventDate "2017.12.01"]
[EventType "swiss"]
[EventRounds "6"]
[EventCountry "BRA"]
[SourceTitle "CBM 182 Extra"]
[Source "ChessBase"]
[SourceDate "2018.02.23"]
[SourceVersion "1"]
[SourceVersionDate "2018.02.23"]
[SourceQuality "1"]

1. d4 d5 2. Nf3 e6 3. Bf4 Bd6 4. Bg3 Nf6 5. e3 c5 6. c3 Nc6 7. Bd3 Ne4 8. Nbd2 f5 9. Bxe4 fxe4 10. Ne5 Bxe5 11. dxe5 0-0 12. 0-0 b6 13. Qg4 Rf5 14. f4 exf3 15. Nxf3 Ba6 16. Rf2 Qd7 17. Rd1 h5 18. Qa4 Bb7 19. e4 Rff8 20. exd5 exd5 21. Qh4 Rf5 22. Ng5 Rxf2 23. Bxf2 Nxe5 24. Qxh5 Qf5 25. Re1 Nf7 26. Qxf7+ Qxf7 27. Nxf7 Kxf7 28. Bh4 Re8 29. Rxe8 Kxe8 30. Bg5 Kd7 31. Kf2 Kd6 32. g3 Ke5 33. h4 Ke6 34. Ke2 Ba6+ 35. Kd2 Bc4 36. a3 d4 37. cxd4 cxd4 1/2-1/2

[Event "BRA-ch U20 Girls"]
[Site "Florianopolis"]
[Date "2017.10.28"]
[Round "3"]
[White "Passos, Clarissa dos Santos"]
[Black "Assuncao, Darlane Brito"]
[Result "0-1"]
[WhiteElo "1468"]
[BlackElo "1798"]
[PlyCount "52"]
[EventDate "2017.10.27"]
[EventType "swiss"]
[EventRounds "6"]
[EventCountry "BRA"]
[SourceTitle "CBM 181 Extra"]
[Source "ChessBase"]
[SourceDate "2017.12.12"]
[SourceVersion "1"]
[SourceVersionDate "2017.12.12"]
[SourceQuality "1"]

1. e4 d6 2. d4 Nf6 3. Nc3 g6 4. Nf3 Bg7 5. Bc4 0-0 6. 0-0 Nbd7 7. e5 dxe5 8. dxe5 Ng4 9. e6 Nde5 10. exf7+ Nxf7 11. Bxf7+ Kxf7 12. Ng5+ Kg8 13. Qe2 Qd6 14. Qc4+ Kh8 15. g3 Ne5 16. Qd5 c6 17. Qb3 h6 18. Rd1 Qf6 19. Nge4 Nf3+ 20. Kh1 Qf5 21. Nd2 Qh5 22. Nxf3 Qxf3+ 23. Kg1 Qxf2+ 24. Kh1 Bh3 25. Rg1 Qxg1+ 26. Kxg1 Rf1# 0-1

[Event "BRA-ch U20 Girls"]
[Site "Florianopolis"]
[Date "2017.10.27"]
[Round "2"]
[White "Assuncao, Darlane Brito"]
[Black "Librelato, Kathie Goulart"]
[Result "0-1"]
[WhiteElo "1798"]
[BlackElo "2082"]
[PlyCount "50"]
[EventDate "2017.10.27"]
[EventType "swiss"]
[EventRounds "6"]
[EventCountry "BRA"]
[SourceTitle "CBM 181 Extra"]
[Source "ChessBase"]
[SourceDate "2017.12.12"]
[SourceVersion "1"]
[SourceVersionDate "2017.12.12"]
[SourceQuality "1"]

1. d4 Nf6 2. Nf3 g6 3. Bf4 Bg7 4. e3 d6 5. h3 0-0 6. Be2 Nfd7 7. c4 e5 8. Bg5 f6 9. Bh4 g5 10. Bg3 e4 11. Nfd2 f5 12. Qb3 f4 13. Bh2 c5 14. Nxe4 cxd4 15. c5+ Kh8 16. exd4 Nc6 17. Nxd6 Nxd4 18. Qc4 Qa5+ 19. Nd2 Ne5 20. Qc1 Bf5 21. Nxf5 Rxf5 22. Kf1 Nxe2 23. Kxe2 Qb5+ 24. Kd1 Nd3 25. Qc2 Rxc5 0-1

[Event "Luiz Rego Memorial 5th"]
[Site "Teresina"]
[Date "2017.08.05"]
[Round "3"]
[White "Born, Ary"]
[Black "Assuncao, Darlane Brito"]
[Result "0-1"]
[WhiteElo "1412"]
[BlackElo "1794"]
[PlyCount "152"]
[EventDate "2017.08.04"]
[EventType "swiss"]
[EventRounds "6"]
[EventCountry "BRA"]
[SourceTitle "CBM 180 Extra"]
[Source "ChessBase"]
[SourceDate "2017.10.06"]
[SourceVersion "1"]
[SourceVersionDate "2017.10.06"]
[SourceQuality "1"]

1. d4 Nf6 2. Bf4 d5 3. Nf3 c5 4. c3 Nc6 5. h3 Qb6 6. Qb3 c4 7. Qc2 Bf5 8. Qc1 e6 9. g4 Bg6 10. e3 Be7 11. Nbd2 Ne4 12. h4 Nxd2 13. Qxd2 Be4 14. Be2 Qd8 15. Rh2 Bxf3 16. Bxf3 Bxh4 17. 0-0-0 Qf6 18. Qe2 Bg5 19. Bd6 Qd8 20. Bg3 b5 21. a3 Na5 22. Kb1 Nb3 23. Be5 Bf6 24. e4 0-0 25. Rdh1 h6 26. Bxf6 Qxf6 27. e5 Qxf3 28. Qe3 Qxe3 29. fxe3 f6 30. exf6 Rxf6 31. g5 Rg6 32. gxh6 Rxh6 33. Rxh6 gxh6 34. Rxh6 Kf7 35. Rh7+ Kf6 36. Kc2 a6 37. Rh6+ Ke7 38. Rh7+ Kd6 39. Rb7 Na5 40. Rh7 Nc6 41. b4 a5 42. Kb2 Ne7 43. Rh5 a4 44. e4 Rf8 45. exd5 Kd7 46. Rh1 Rf2+ 47. Kb1 Ke8 48. Rh8+ Rf8 49. Rh1 Rg8 50. Rh6 Kd7 51. Rf6 Rg3 52. Kb2 Rg6 53. Rf8 Rg8 54. Rf7 Rg2+ 55. Kb1 Rg8 56. Rh7 Re8 57. Kc2 Kd6 58. Kd2 Nc8 59. Rf7 Nb6 60. Ke3 Nd7 61. Kf4 Rf8 62. Rxf8 Nxf8 63. Kg5 Kd7 64. Kh6 Ke7 65. Kg7 Nd7 66. Kg8 Nb8 67. Kg7 Nc6 68. Kg6 Nxb4 69. Kg5 Nc2 70. Kf4 Nxa3 71. Ke3 Nb1 72. Ke2 a3 73. Kd1 a2 74. Kc1 a1Q 75. Kc2 Qa2+ 76. Kc1 Kd7 0-1

[Event "Belem op 2nd"]
[Site "Belem"]
[Date "2017.07.09"]
[Round "6"]
[White "De Melo, Vitor Ribeiro"]
[Black "Assuncao, Darlane Brito"]
[Result "0-1"]
[WhiteElo "1730"]
[BlackElo "1790"]
[PlyCount "80"]
[EventDate "2017.07.07"]
[EventType "swiss"]
[EventRounds "6"]
[EventCountry "BRA"]
[SourceTitle "EXT 2018"]
[Source "ChessBase"]
[SourceDate "2017.10.13"]
[SourceVersion "1"]
[SourceVersionDate "2017.10.13"]
[SourceQuality "1"]

1. e4 d6 2. d4 Nf6 3. Nc3 g6 4. Nf3 Bg7 5. Bd3 0-0 6. 0-0 Nbd7 7. Be3 Ng4 8. Qd2 Nxe3 9. fxe3 e5 10. Rad1 c6 11. d5 c5 12. a3 Qb6 13. Na4 Qc7 14. c4 Nf6 15. h3 Bd7 16. Nc3 Nh5 17. Kh2 f5 18. Ne2 f4 19. exf4 Nxf4 20. Nxf4 Rxf4 21. g3 Bh6 22. Qe2 Rf7 23. Nh4 Raf8 24. Ng2 Qc8 25. h4 Bg4 26. Qc2 Bxd1 27. Rxd1 Rf2 28. Qb1 Qg4 29. Bf1 R2f3 30. Rd3 Qxg3+ 31. Kg1 Rxf1+ 32. Qxf1 Rxf1+ 33. Kxf1 Qxd3+ 34. Kg1 Qg3 35. Kf1 Bd2 36. a4 Qf3+ 37. Kg1 h5 38. a5 g5 39. hxg5 Qg3 40. Kf1 h4 0-1